Wszystkie wojny domowe - Statystyki

Ogólne statystyki
  • Ten quiz został rozwiązany 58 razy
  • Średni wynik to 50 z 81
Statystyki odpowiedzi
Okres Państwo % Poprawnych
1917-1922 Rosja
98%
1992 Rosja / Osetia Północna
98%
1861-1865 Stany Zjednoczone
94%
1857-1858 Stany Zjednoczone / Utah
94%
1524-1526 Niemcy / Święte Cesarstwo Rzymskie
89%
1936-1939 Hiszpania
87%
1846-1849 Hiszpania
87%
1872-1876 Hiszpania
87%
1833-1840 Hiszpania
87%
1366-1369 Hiszpania / Kastylia
87%
1793-1796 Francja
85%
1702-1704 Francja
85%
1927-1937,1945-1949, 1949-1958 Chiny
83%
1768-1772 Polska / Rzeczpospolita Obojga Narodów
83%
1648-1657 Polska / Rzeczpospolita Obojga Narodów
83%
1983-2005 Sudan
83%
2023-Obecnie Sudan
83%
2014-2017 Irak
81%
2011-2024/Obecnie Syria
81%
1984-2013 Turcja
79%
2014-2022 Ukraina
79%
1868-1869 Japonia
77%
672 Japonia
77%
1331-1333 Japonia
77%
1467-1477 Japonia
77%
1221 Japonia
77%
312-324 Włochy / Rzym
77%
1642-1651 Wielka Brytania / Anglia
74%
1455-1485 Wielka Brytania / Anglia
74%
2001-2021 Afganistan
70%
1979-1989 Afganistan
70%
1994 Jemen
68%
2015-Obecnie Jemen
68%
1962-1970 Jemen / Jemen Północny
68%
1946-1949 Grecja
66%
1975-1990 Liban
66%
2011 Libia
66%
2014-2020 Libia
66%
1991-Obecnie Somalia
64%
2004-2009 Demokratyczna Republika Konga
62%
1996-1997 Demokratyczna Republika Konga
62%
1998-2003 Demokratyczna Republika Konga
62%
1960-1965 Demokratyczna Republika Konga
62%
2012, 2013 Demokratyczna Republika Konga
62%
2020-2022 Etiopia
62%
1974-1991 Etiopia
62%
2023-Obecnie Etiopia
62%
1992-2002 Algieria
60%
1934 Austria
55%
1381-1384 Litwa
55%
1389-1392 Litwa
55%
1859-1863 Wenezuela
55%
1964-2016 Kolumbia
53%
1899-1902 Kolumbia
53%
1922-1923 Irlandia
51%
2012-2014 Mali
51%
1997-1999 Kongo
49%
1948-Obecnie Mjanma
49%
1918 Finlandia
47%
1419-1436 Czechy
45%
2011-Obecnie Sudan Południowy
45%
2013-2020 Sudan Południowy
45%
1953-1975 Laos
43%
1970-1975 Kambodża
40%
1980-2002/Obecnie Peru
40%
1990-1993 Rwanda
40%
1981-1986 Uganda
38%
1960-1996 Gwatemala
36%
1847 Szwajcaria
36%
1436-1450 Szwajcaria
36%
1991-1992 Mołdawia
34%
1979-1992 Salwador
34%
2004-2007, 2010, 2012-2013, 2013-Obecnie Republika Środkowoafrykańska
32%
2011 Wybrzeże Kości Słoniowej
32%
1948 Kostaryka
30%
1993-2005 Burundi
28%
1991-1994 Dżibuti
28%
1996-2006 Nepal
26%
1992-1997 Tadżykistan
23%
1947-1948 Palestyna
21%
1991-2002 Sierra Leone
19%
Nie znaleziono quizów pasujących do podanych kryteriów
Rozkład punktacji
Procent ludzi z każdym wynikiem
Percentyl według liczby udzielonych odpowiedzi
Twoja historia wyników
Nie rozwiązałeś tego quizu